[Event "50+ World Senior Team Championship"]
[Site "chess24.com"]
[Date "2017.04.29"]
[Round "6"]
[White "Denk, Adolf"]
[Black "Lagerborg, Krister"]
[Result "1-0"]
[Board "2"]
[WhiteElo "2268"]
[WhiteTitle "FM"]
[WhiteCountry "AUT"]
[WhiteFideId "1600990"]
[WhiteEloChange "5"]
[BlackElo "2062"]
[BlackCountry "SWE"]
[BlackFideId "1712411"]
[BlackEloChange "-5"]

1. d4 {[%clk 1:30:59]} Nf6 {[%clk 1:30:30]} 2. Nf3 {[%clk 1:30:59]} g6 {[%clk
1:30:46]} 3. g3 {[%clk 1:31:22]} Bg7 {[%clk 1:31:09]} 4. Bg2 {[%clk 1:31:50]} O-O
{[%clk 1:31:27]} 5. O-O {[%clk 1:32:19]} d6 {[%clk 1:31:49]} 6. Nbd2 {[%clk
1:32:40]} c5 {[%clk 1:31:20]} 7. c4 {[%clk 1:29:13]} Na6 {[%clk 1:29:02]} 8. b3
{[%clk 1:25:16]} Rb8 {[%clk 1:17:59]} 9. Bb2 {[%clk 1:21:20]} cxd4 {[%clk
1:15:06]} 10. Nxd4 {[%clk 1:19:39]} Nc5 {[%clk 1:14:26]} 11. b4 {[%clk 1:16:31]}
Ne6 {[%clk 1:13:16]} 12. N2b3 {[%clk 1:14:29]} a6 {[%clk 1:11:22]} 13. Rc1 {[%clk
1:09:33]} Nxd4 {[%clk 1:07:19]} 14. Nxd4 {[%clk 1:09:03]} Ne8 {[%clk 1:03:39]}
15. Qb3 {[%clk 1:07:31]} Nc7 {[%clk 1:03:03]} 16. Rfd1 {[%clk 1:04:33]} Qe8
{[%clk 0:55:14]} 17. a4 {[%clk 0:58:10]} Ne6 {[%clk 0:52:59]} 18. a5 {[%clk
0:53:04]} Bd7 {[%clk 0:43:59]} 19. Nxe6 {[%clk 0:44:06]} Bxe6 {[%clk 0:43:27]}
20. Bxg7 {[%clk 0:44:20]} Kxg7 {[%clk 0:43:51]} 21. Qb2+ {[%clk 0:44:24]} Kg8
{[%clk 0:43:51]} 22. c5 {[%clk 0:44:07]} dxc5 {[%clk 0:41:46]} 23. bxc5 {[%clk
0:21:56]} Qc8 {[%clk 0:37:12]} 24. Qb6 {[%clk 0:20:26]} Bd7 {[%clk 0:34:30]} 25.
Rd4 {[%clk 0:11:49]} Re8 {[%clk 0:29:01]} 26. h4 {[%clk 0:10:53]} Bc6 {[%clk
0:25:07]} 27. Rb1 {[%clk 0:06:54]} Kf8 {[%clk 0:20:41]} 28. Rf4 {[%clk 0:04:49]}
Bxg2 {[%clk 0:19:23]} 29. Kxg2 {[%clk 0:05:11]} Qc6+ {[%clk 0:19:44]} 30. Qxc6
{[%clk 0:05:07]} bxc6 {[%clk 0:20:03]} 31. Rb6 {[%clk 0:05:29]} Red8 {[%clk
0:18:01]} 32. Rfb4 {[%clk 0:04:19]} Rbc8 {[%clk 0:18:05]} 33. Rxa6 {[%clk
0:04:24]} Rd2 {[%clk 0:18:09]} 34. Rab6 {[%clk 0:02:58]} Rxe2 {[%clk 0:16:10]}
35. Rb8 {[%clk 0:03:20]} Rxb8 {[%clk 0:16:07]} 36. Rxb8+ {[%clk 0:03:49]} Kg7
{[%clk 0:16:29]} 37. a6 {[%clk 0:04:08]} Ra2 {[%clk 0:16:41]} 38. Rb6 {[%clk
0:04:37]} Kf8 {[%clk 0:16:13]} 39. Rxc6 {[%clk 0:04:23]} Ke8 {[%clk 0:15:28]} 40.
Rb6 {[%clk 0:02:16]} h5 {[%clk 0:07:11]} 41. Kf3 {[%clk 0:26:14]} Ra5 {[%clk
0:31:32]} 42. Ke4 {[%clk 0:23:34]} Kd7 {[%clk 0:28:36]} 43. Kd5 {[%clk 0:23:16]}
e6+ {[%clk 0:27:34]} 44. Kc4 {[%clk 0:21:11]} Kc7 {[%clk 0:23:27]} 45. Kb4 {[%clk
0:17:53]} Ra1 {[%clk 0:21:22]} 46. Rb7+ {[%clk 0:16:37]} Kc6 {[%clk 0:21:26]} 47.
Rxf7 {[%clk 0:15:52]} Rxa6 {[%clk 0:20:11]} 48. Rf6 {[%clk 0:15:56]} Kd5 {[%clk
0:19:10]} 49. Rxg6 {[%clk 0:16:05]} Ra2 {[%clk 0:17:01]} 50. Rg5+ {[%clk
0:16:14]} Kd4 {[%clk 0:17:07]} 51. Rxh5 {[%clk 0:14:17]} Rb2+ {[%clk 0:17:19]}
52. Ka5 {[%clk 0:14:35]} Rxf2 {[%clk 0:17:34]} 53. c6 {[%clk 0:14:41]} e5 {[%clk
0:16:41]} 54. c7 {[%clk 0:14:33]} Rc2 {[%clk 0:15:40]} 55. Kb6 {[%clk 0:14:43]}
e4 {[%clk 0:14:21]} 56. Rh8 {[%clk 0:15:00]} 1-0

[Event "50+ World Senior Team Championship"]
[Site "chess24.com"]
[Date "2017.04.29"]
[Round "6"]
[White "Maki, Christer"]
[Black "Druckenthaner, Andreas"]
[Result "0-1"]
[Board "3"]
[WhiteElo "2004"]
[WhiteCountry "SWE"]
[WhiteFideId "1709674"]
[WhiteEloChange "-4"]
[BlackElo "2258"]
[BlackTitle "FM"]
[BlackCountry "AUT"]
[BlackFideId "1600567"]
[BlackEloChange "4"]

1. e4 {[%clk 1:30:51]} e5 {[%clk 1:30:52]} 2. Nf3 {[%clk 1:30:54]} Nc6 {[%clk
1:31:14]} 3. Bb5 {[%clk 1:31:02]} Nf6 {[%clk 1:31:29]} 4. d3 {[%clk 1:25:34]} d6
{[%clk 1:30:47]} 5. Bxc6+ {[%clk 1:25:30]} bxc6 {[%clk 1:31:09]} 6. h3 {[%clk
1:25:15]} g6 {[%clk 1:31:07]} 7. O-O {[%clk 1:25:11]} Bg7 {[%clk 1:31:29]} 8. Re1
{[%clk 1:20:40]} O-O {[%clk 1:31:48]} 9. Nbd2 {[%clk 1:15:42]} h6 {[%clk
1:28:44]} 10. Nf1 {[%clk 1:08:52]} Nh5 {[%clk 1:15:14]} 11. Ng3 {[%clk 1:03:22]}
Nxg3 {[%clk 1:10:44]} 12. fxg3 {[%clk 1:02:35]} f5 {[%clk 1:11:01]} 13. Nh4
{[%clk 0:56:59]} Qf6 {[%clk 1:00:47]} 14. exf5 {[%clk 0:51:17]} gxf5 {[%clk
0:58:23]} 15. Qh5 {[%clk 0:45:49]} Bd7 {[%clk 0:54:30]} 16. Rf1 {[%clk 0:38:11]}
Qe6 {[%clk 0:52:57]} 17. Qe2 {[%clk 0:37:13]} Rf6 {[%clk 0:47:54]} 18. Bd2 {[%clk
0:35:51]} Raf8 {[%clk 0:43:49]} 19. b3 {[%clk 0:32:02]} c5 {[%clk 0:36:44]} 20.
Rae1 {[%clk 0:30:56]} Bc6 {[%clk 0:35:23]} 21. c4 {[%clk 0:29:27]} Bd7 {[%clk
0:28:51]} 22. Kh2 {[%clk 0:26:19]} Qf7 {[%clk 0:24:42]} 23. Kg1 {[%clk 0:26:08]}
Bc6 {[%clk 0:23:16]} 24. Bc3 {[%clk 0:24:42]} Kh7 {[%clk 0:21:52]} 25. Rf2 {[%clk
0:24:33]} f4 {[%clk 0:17:22]} 26. g4 {[%clk 0:22:45]} Re6 {[%clk 0:16:53]} 27.
Qc2 {[%clk 0:22:07]} Kh8 {[%clk 0:11:39]} 28. Nf3 {[%clk 0:19:28]} Bf6 {[%clk
0:11:36]} 29. Ree2 {[%clk 0:17:21]} Bxf3 {[%clk 0:10:19]} 30. Rxf3 {[%clk
0:17:26]} Rfe8 {[%clk 0:09:31]} 31. Bd2 {[%clk 0:16:54]} Qg6 {[%clk 0:09:37]} 32.
Re4 {[%clk 0:16:12]} h5 {[%clk 0:08:44]} 33. gxh5 {[%clk 0:15:56]} Qxh5 {[%clk
0:09:06]} 34. Be1 {[%clk 0:14:58]} c6 {[%clk 0:08:29]} 35. Re2 {[%clk 0:10:53]}
Bg7 {[%clk 0:07:17]} 36. Bf2 {[%clk 0:10:49]} Qg6 {[%clk 0:06:57]} 37. Qd2 {[%clk
0:10:47]} Qf7 {[%clk 0:06:28]} 38. Qc2 {[%clk 0:10:34]} Bf8 {[%clk 0:06:18]} 39.
g4 {[%clk 0:07:39]} Rg6 {[%clk 0:05:15]} 40. Kf1 {[%clk 0:36:35]} Qh7 {[%clk
0:34:38]} 41. Bg1 {[%clk 0:32:37]} Rh6 {[%clk 0:34:02]} 42. Kg2 {[%clk 0:32:12]}
Be7 {[%clk 0:32:52]} 43. Bh2 {[%clk 0:23:11]} Bg5 {[%clk 0:31:57]} 44. Qd2 {[%clk
0:19:01]} Qd7 {[%clk 0:30:35]} 45. Qe1 {[%clk 0:19:03]} Re7 {[%clk 0:26:08]} 46.
Kg1 {[%clk 0:15:55]} Reh7 {[%clk 0:22:27]} 47. Qf1 {[%clk 0:13:09]} Kg8 {[%clk
0:15:50]} 48. Kf2 {[%clk 0:12:00]} Bh4+ {[%clk 0:12:14]} 49. Kg1 {[%clk 0:12:10]}
Bf6 {[%clk 0:09:52]} 50. Kf2 {[%clk 0:12:28]} d5 {[%clk 0:09:51]} 51. Ke1 {[%clk
0:10:13]} Re7 {[%clk 0:08:10]} 52. Kf2 {[%clk 0:10:02]} Bg5 {[%clk 0:08:10]} 53.
Qe1 {[%clk 0:10:06]} Bh4+ {[%clk 0:08:31]} 0-1

[Event "50+ World Senior Team Championship"]
[Site "chess24.com"]
[Date "2017.04.29"]
[Round "6"]
[White "Ernst, Michael"]
[Black "Olsson, Lars F"]
[Result "1/2-1/2"]
[Board "4"]
[WhiteElo "2141"]
[WhiteCountry "AUT"]
[WhiteFideId "1618393"]
[WhiteEloChange "-5"]
[BlackElo "1930"]
[BlackCountry "SWE"]
[BlackFideId "1701932"]
[BlackEloChange "5"]

1. d4 {[%clk 1:30:57]} c5 {[%clk 1:30:54]} 2. e3 {[%clk 1:29:16]} Nf6 {[%clk
1:30:18]} 3. Nf3 {[%clk 1:29:38]} g6 {[%clk 1:30:17]} 4. Be2 {[%clk 1:28:07]} Bg7
{[%clk 1:30:02]} 5. Nbd2 {[%clk 1:28:12]} d6 {[%clk 1:29:37]} 6. b3 {[%clk
1:27:17]} cxd4 {[%clk 1:28:30]} 7. exd4 {[%clk 1:26:27]} O-O {[%clk 1:28:02]} 8.
O-O {[%clk 1:26:47]} Nc6 {[%clk 1:25:34]} 9. Bb2 {[%clk 1:27:01]} Bd7 {[%clk
1:24:15]} 10. Re1 {[%clk 1:27:07]} Rc8 {[%clk 1:21:25]} 11. Bf1 {[%clk 1:26:25]}
Re8 {[%clk 1:19:26]} 12. Nc4 {[%clk 1:22:22]} Qc7 {[%clk 1:05:16]} 13. a3 {[%clk
1:20:24]} Nd5 {[%clk 1:02:39]} 14. g3 {[%clk 1:15:47]} Na5 {[%clk 0:56:17]} 15.
Nxa5 {[%clk 1:11:04]} Qxa5 {[%clk 0:56:43]} 16. c4 {[%clk 1:09:38]} Nf6 {[%clk
0:56:58]} 17. d5 {[%clk 1:02:27]} Bg4 {[%clk 0:52:48]} 18. h3 {[%clk 1:01:15]}
Bxf3 {[%clk 0:52:43]} 19. Qxf3 {[%clk 1:01:32]} Nd7 {[%clk 0:52:35]} 20. Bxg7
{[%clk 0:59:32]} Kxg7 {[%clk 0:52:57]} 1/2-1/2

[Event "50+ World Senior Team Championship"]
[Site "chess24.com"]
[Date "2017.04.29"]
[Round "6"]
[White "Robertson, Ian C."]
[Black "Olsson, Torgny"]
[Result "1/2-1/2"]
[Board "2"]
[WhiteElo "2053"]
[WhiteCountry "SCO"]
[WhiteFideId "2400685"]
[WhiteEloChange "-7"]
[BlackElo "1722"]
[BlackCountry "SWE"]
[BlackFideId "1717340"]
[BlackEloChange "7"]

1. e4 {[%clk 1:30:56]} e6 {[%clk 1:30:35]} 2. d4 {[%clk 1:31:12]} d5 {[%clk
1:30:35]} 3. exd5 {[%clk 1:31:24]} exd5 {[%clk 1:30:39]} 4. Nf3 {[%clk 1:31:42]}
Bd6 {[%clk 1:30:05]} 5. c4 {[%clk 1:31:49]} Nf6 {[%clk 1:29:41]} 6. Nc3 {[%clk
1:31:42]} O-O {[%clk 1:29:29]} 7. Bg5 {[%clk 1:26:24]} Re8+ {[%clk 1:27:00]} 8.
Be2 {[%clk 1:26:30]} dxc4 {[%clk 1:21:17]} 9. O-O {[%clk 1:24:34]} Bg4 {[%clk
1:18:29]} 10. Bxc4 {[%clk 1:20:43]} Be6 {[%clk 1:06:00]} 11. Bxe6 {[%clk
1:13:32]} Rxe6 {[%clk 1:03:36]} 12. Qb3 {[%clk 1:13:04]} Nbd7 {[%clk 0:59:34]}
13. Rfe1 {[%clk 1:06:32]} Qe8 {[%clk 0:45:42]} 14. Bxf6 {[%clk 1:02:09]} gxf6
{[%clk 0:38:46]} 15. Nd5 {[%clk 0:38:50]} c6 {[%clk 0:27:47]} 16. Ne3 {[%clk
0:38:32]} b6 {[%clk 0:25:53]} 17. Nf5 {[%clk 0:33:00]} Bf8 {[%clk 0:21:26]} 18.
Kf1 {[%clk 0:19:52]} Bg7 {[%clk 0:15:52]} 19. Rac1 {[%clk 0:12:26]} Nf8 {[%clk
0:13:16]} 20. Nxg7 {[%clk 0:07:14]} Kxg7 {[%clk 0:12:59]} 21. Nh4 {[%clk
0:06:49]} Rxe1+ {[%clk 0:11:23]} 22. Rxe1 {[%clk 0:07:13]} Qd7 {[%clk 0:11:39]}
23. Re7 {[%clk 0:04:06]} Qd5 {[%clk 0:11:23]} 24. Qxd5 {[%clk 0:03:05]} cxd5
{[%clk 0:11:47]} 25. Nf5+ {[%clk 0:03:22]} Kg6 {[%clk 0:11:19]} 26. Ne3 {[%clk
0:02:16]} Ne6 {[%clk 0:11:13]} 27. Nxd5 {[%clk 0:02:07]} Nxd4 {[%clk 0:10:57]}
28. Nc3 {[%clk 0:01:05]} 1/2-1/2

[Event "50+ World Senior Team Championship"]
[Site "chess24.com"]
[Date "2017.04.29"]
[Round "6"]
[White "Kvisth, Bengt"]
[Black "Bhopal, Raj"]
[Result "1/2-1/2"]
[Board "3"]
[WhiteElo "1721"]
[WhiteCountry "SWE"]
[WhiteFideId "1728822"]
[WhiteEloChange "6"]
[BlackElo "1951"]
[BlackCountry "SCO"]
[BlackFideId "2404443"]
[BlackEloChange "-6"]

1. d4 {[%clk 1:30:56]} f5 {[%clk 1:30:51]} 2. g3 {[%clk 1:30:49]} Nf6 {[%clk
1:31:06]} 3. Bg2 {[%clk 1:30:55]} e6 {[%clk 1:31:11]} 4. Nf3 {[%clk 1:30:45]} Be7
{[%clk 1:31:28]} 5. O-O {[%clk 1:30:31]} O-O {[%clk 1:31:51]} 6. c4 {[%clk
1:30:11]} d6 {[%clk 1:31:33]} 7. Nc3 {[%clk 1:29:40]} Qe8 {[%clk 1:30:48]} 8. Re1
{[%clk 1:21:52]} Nbd7 {[%clk 1:24:32]} 9. e4 {[%clk 1:15:23]} fxe4 {[%clk
1:23:54]} 10. Nxe4 {[%clk 1:15:38]} Nxe4 {[%clk 1:22:53]} 11. Rxe4 {[%clk
1:15:59]} Nf6 {[%clk 1:21:48]} 12. Re1 {[%clk 1:10:16]} Qh5 {[%clk 1:15:58]} 13.
Nh4 {[%clk 0:46:15]} Qxd1 {[%clk 1:11:59]} 14. Rxd1 {[%clk 0:46:32]} Ng4 {[%clk
1:07:12]} 15. Nf3 {[%clk 0:44:36]} Bd7 {[%clk 1:01:52]} 16. h3 {[%clk 0:41:35]}
Nh6 {[%clk 0:58:58]} 17. Bxh6 {[%clk 0:39:05]} gxh6 {[%clk 0:59:21]} 18. b3
{[%clk 0:33:31]} Rf7 {[%clk 0:57:26]} 19. Rf1 {[%clk 0:30:42]} Raf8 {[%clk
0:53:55]} 20. Nd2 {[%clk 0:27:58]} Bf6 {[%clk 0:52:52]} 21. Ne4 {[%clk 0:21:14]}
Bxd4 {[%clk 0:50:05]} 22. Rad1 {[%clk 0:21:36]} e5 {[%clk 0:49:02]} 23. Rd2
{[%clk 0:17:35]} Bc6 {[%clk 0:43:14]} 24. b4 {[%clk 0:15:34]} a6 {[%clk 0:39:28]}
25. g4 {[%clk 0:13:54]} Kg7 {[%clk 0:37:49]} 26. a3 {[%clk 0:12:07]} Kg6 {[%clk
0:33:05]} 27. Ng3 {[%clk 0:11:31]} Bxg2 {[%clk 0:31:26]} 28. Kxg2 {[%clk
0:11:59]} Rf3 {[%clk 0:30:25]} 29. Nf5 {[%clk 0:09:36]} Rxa3 {[%clk 0:30:11]} 30.
Nxd4 {[%clk 0:09:16]} exd4 {[%clk 0:30:32]} 31. Rxd4 {[%clk 0:09:36]} Ra4 {[%clk
0:26:23]} 32. Rb1 {[%clk 0:08:55]} Ra2 {[%clk 0:26:01]} 33. Rf1 {[%clk 0:08:53]}
Rb2 {[%clk 0:25:19]} 34. Kg3 {[%clk 0:08:01]} Rxb4 {[%clk 0:24:14]} 35. f4 {[%clk
0:08:14]} Re8 {[%clk 0:24:02]} 36. f5+ {[%clk 0:07:56]} Kf6 {[%clk 0:24:13]} 37.
Kf4 {[%clk 0:06:48]} d5 {[%clk 0:20:10]} 38. h4 {[%clk 0:05:02]} Rxc4 {[%clk
0:18:19]} 39. g5+ {[%clk 0:04:58]} Kf7 {[%clk 0:15:45]} 40. Rxc4 {[%clk 0:34:36]}
hxg5+ {[%clk 0:45:04]} 41. hxg5 {[%clk 0:34:52]} dxc4 {[%clk 0:45:27]} 42. Rh1
{[%clk 0:32:49]} Kg8 {[%clk 0:40:36]} 43. f6 {[%clk 0:30:45]} b5 {[%clk 0:35:02]}
44. Kf5 {[%clk 0:26:45]} Re2 {[%clk 0:30:51]} 45. Rd1 {[%clk 0:22:31]} Rf2+
{[%clk 0:22:25]} 46. Ke6 {[%clk 0:21:10]} Re2+ {[%clk 0:22:43]} 47. Kf5 {[%clk
0:21:08]} Re8 {[%clk 0:22:32]} 48. Rd7 {[%clk 0:17:43]} Rc8 {[%clk 0:12:22]} 49.
Rg7+ {[%clk 0:15:37]} Kh8 {[%clk 0:12:43]} 50. g6 {[%clk 0:15:07]} hxg6+ {[%clk
0:12:31]} 51. Kxg6 {[%clk 0:15:13]} Rg8 {[%clk 0:08:53]} 52. Kf7 {[%clk 0:14:54]}
Rb8 {[%clk 0:07:13]} 53. Kg6 {[%clk 0:14:45]} Rg8 {[%clk 0:06:31]} 1/2-1/2

[Event "50+ World Senior Team Championship"]
[Site "chess24.com"]
[Date "2017.04.29"]
[Round "6"]
[White "Aird, Ian"]
[Black "Andersson, Erik 1955"]
[Result "1/2-1/2"]
[Board "4"]
[WhiteElo "1852"]
[WhiteCountry "SCO"]
[WhiteFideId "2401347"]
[WhiteEloChange "-4"]
[BlackElo "1706"]
[BlackCountry "SWE"]
[BlackFideId "1716263"]
[BlackEloChange "4"]

1. c4 {[%clk 1:30:57]} Nf6 {[%clk 1:30:45]} 2. Nc3 {[%clk 1:31:15]} g6 {[%clk
1:30:44]} 3. g3 {[%clk 1:30:50]} Bg7 {[%clk 1:30:55]} 4. Bg2 {[%clk 1:31:09]} O-O
{[%clk 1:30:57]} 5. d3 {[%clk 1:30:56]} d6 {[%clk 1:30:13]} 6. Nf3 {[%clk
1:31:17]} c5 {[%clk 1:29:09]} 7. Rb1 {[%clk 1:31:17]} Nc6 {[%clk 1:26:21]} 8. O-O
{[%clk 1:31:38]} a6 {[%clk 1:22:34]} 9. a3 {[%clk 1:31:39]} Rb8 {[%clk 1:22:26]}
10. b4 {[%clk 1:31:36]} cxb4 {[%clk 1:20:46]} 11. axb4 {[%clk 1:32:03]} b5 {[%clk
1:20:46]} 12. cxb5 {[%clk 1:32:03]} axb5 {[%clk 1:20:46]} 13. Be3 {[%clk
1:22:20]} Ng4 {[%clk 1:11:26]} 14. Bd2 {[%clk 1:22:28]} Qd7 {[%clk 1:04:00]} 15.
Qc1 {[%clk 1:19:04]} Nge5 {[%clk 0:56:23]} 16. Bh6 {[%clk 1:18:21]} Nxf3+ {[%clk
0:55:16]} 17. Bxf3 {[%clk 1:17:57]} Nd4 {[%clk 0:51:34]} 18. Bg2 {[%clk 1:15:19]}
Nf5 {[%clk 0:49:11]} 19. Bxg7 {[%clk 1:15:03]} Nxg7 {[%clk 0:49:28]} 20. d4
{[%clk 1:07:10]} Qa7 {[%clk 0:42:06]} 21. Qd2 {[%clk 1:01:04]} Bb7 {[%clk
0:33:30]} 22. Nd5 {[%clk 0:56:18]} Bxd5 {[%clk 0:30:31]} 23. Bxd5 {[%clk
0:56:29]} e6 {[%clk 0:30:42]} 24. Ra1 {[%clk 0:53:52]} Qb6 {[%clk 0:29:47]} 25.
Bf3 {[%clk 0:53:07]} Nf5 {[%clk 0:27:44]} 26. e3 {[%clk 0:53:07]} d5 {[%clk
0:28:06]} 27. Ra5 {[%clk 0:47:24]} Nd6 {[%clk 0:26:17]} 28. Qa2 {[%clk 0:47:30]}
Nc4 {[%clk 0:24:24]} 29. Ra6 {[%clk 0:47:32]} Qb7 {[%clk 0:21:29]} 30. Ra1 {[%clk
0:47:25]} Rfc8 {[%clk 0:17:58]} 31. Ra7 {[%clk 0:46:10]} Qc6 {[%clk 0:18:02]} 32.
Qa6 {[%clk 0:43:50]} Rb6 {[%clk 0:18:03]} 33. Qa2 {[%clk 0:43:05]} Rbb8 {[%clk
0:18:14]} 34. Ra6 {[%clk 0:39:17]} Qb7 {[%clk 0:17:51]} 35. Ra7 {[%clk 0:39:36]}
Qc6 {[%clk 0:17:17]} 36. Ra6 {[%clk 0:39:58]} Qb7 {[%clk 0:17:23]} 37. Ra7 {[%clk
0:40:21]} Qc6 {[%clk 0:17:45]} 38. Ra6 {[%clk 0:40:21]} 1/2-1/2

[Event "50+ World Senior Team Championship"]
[Site "chess24.com"]
[Date "2017.04.30"]
[Round "7"]
[White "Pappas, Konstantinos"]
[Black "Solozhenkin, Evgeniy"]
[Result "0-1"]
[Board "4"]
[WhiteElo "1969"]
[WhiteCountry "GRE"]
[WhiteFideId "4203470"]
[WhiteEloChange "-2"]
[BlackElo "2443"]
[BlackTitle "GM"]
[BlackCountry "RUS"]
[BlackFideId "4102266"]
[BlackEloChange "1"]

1. d4 {[%clk 1:27:21]} Nf6 {[%clk 1:30:52]} 2. Nf3 {[%clk 1:26:21]} e6 {[%clk
1:30:01]} 3. g3 {[%clk 1:25:27]} b5 {[%clk 1:26:53]} 4. a4 {[%clk 1:24:28]} b4
{[%clk 1:26:51]} 5. Bg2 {[%clk 1:24:00]} Bb7 {[%clk 1:27:15]} 6. O-O {[%clk
1:23:46]} Be7 {[%clk 1:21:33]} 7. b3 {[%clk 1:22:19]} O-O {[%clk 1:20:32]} 8. Bb2
{[%clk 1:21:47]} c5 {[%clk 1:08:29]} 9. e3 {[%clk 1:17:39]} cxd4 {[%clk 1:04:05]}
10. Nxd4 {[%clk 1:17:28]} d5 {[%clk 1:03:37]} 11. Nd2 {[%clk 1:16:14]} Nbd7
{[%clk 1:03:54]} 12. f4 {[%clk 1:13:46]} Re8 {[%clk 0:54:29]} 13. g4 {[%clk
1:11:21]} e5 {[%clk 0:47:45]} 14. Nf5 {[%clk 1:10:25]} exf4 {[%clk 0:46:39]} 15.
exf4 {[%clk 1:04:51]} Bc5+ {[%clk 0:46:01]} 16. Kh1 {[%clk 1:04:42]} Ba6 {[%clk
0:46:20]} 17. Bf3 {[%clk 0:57:46]} Bxf1 {[%clk 0:40:06]} 18. Nxf1 {[%clk
0:57:30]} Qc7 {[%clk 0:37:06]} 19. Qd2 {[%clk 0:55:35]} Bf8 {[%clk 0:22:19]} 20.
N1g3 {[%clk 0:53:53]} Rac8 {[%clk 0:21:46]} 21. Rc1 {[%clk 0:52:41]} Re6 {[%clk
0:16:21]} 22. Nd4 {[%clk 0:52:31]} Ree8 {[%clk 0:15:21]} 23. Nb5 {[%clk 0:51:13]}
Qb8 {[%clk 0:14:58]} 24. g5 {[%clk 0:51:12]} Ne4 {[%clk 0:11:48]} 25. Bxe4 {[%clk
0:51:31]} dxe4 {[%clk 0:12:16]} 26. Qxd7 {[%clk 0:51:38]} a6 {[%clk 0:12:41]} 27.
Nd4 {[%clk 0:51:09]} Qxf4 {[%clk 0:10:38]} 28. Rf1 {[%clk 0:51:08]} Qc7 {[%clk
0:09:57]} 29. Rxf7 {[%clk 0:51:18]} Qxd7 {[%clk 0:10:24]} 30. Rxd7 {[%clk
0:51:39]} e3 {[%clk 0:10:19]} 31. Kg2 {[%clk 0:50:39]} e2 {[%clk 0:10:31]} 32.
Ngxe2 {[%clk 0:49:42]} Rxc2 {[%clk 0:10:24]} 33. Nxc2 {[%clk 0:49:24]} Rxe2+
{[%clk 0:10:53]} 34. Kg3 {[%clk 0:49:14]} Rxc2 {[%clk 0:11:20]} 35. Be5 {[%clk
0:48:57]} Re2 {[%clk 0:11:19]} 36. Bf4 {[%clk 0:48:44]} Rb2 {[%clk 0:09:52]} 37.
Rd3 {[%clk 0:48:49]} Kf7 {[%clk 0:10:09]} 38. h4 {[%clk 0:47:54]} Rc2 {[%clk
0:07:59]} 39. Bd2 {[%clk 0:47:35]} Ke6 {[%clk 0:07:01]} 40. Kf4 {[%clk 1:15:09]}
Bd6+ {[%clk 0:36:53]} 41. Ke4 {[%clk 1:15:22]} g6 {[%clk 0:34:16]} 42. Rd4 {[%clk
1:10:02]} a5 {[%clk 0:25:50]} 43. Kd3 {[%clk 1:06:02]} Rc8 {[%clk 0:24:38]} 44.
Rc4 {[%clk 1:05:22]} Rf8 {[%clk 0:23:35]} 45. Ke4 {[%clk 1:00:46]} Rf2 {[%clk
0:23:36]} 46. Kd3 {[%clk 0:58:44]} Rf3+ {[%clk 0:20:53]} 47. Be3 {[%clk 0:57:17]}
Rh3 {[%clk 0:20:44]} 48. Ke2 {[%clk 0:53:31]} Rh2+ {[%clk 0:20:39]} 49. Kd1
{[%clk 0:51:44]} Rb2 {[%clk 0:20:18]} 50. Bb6 {[%clk 0:51:47]} Rxb3 {[%clk
0:20:23]} 51. Bxa5 {[%clk 0:52:03]} Ra3 {[%clk 0:20:22]} 52. Bb6 {[%clk 0:49:35]}
Rxa4 {[%clk 0:20:37]} 53. Kc2 {[%clk 0:49:28]} Ra2+ {[%clk 0:20:44]} 54. Kb3
{[%clk 0:49:22]} Ra3+ {[%clk 0:20:28]} 55. Kc2 {[%clk 0:49:01]} Ra6 {[%clk
0:20:26]} 56. Bd8 {[%clk 0:47:43]} Kd5 {[%clk 0:20:38]} 57. Rg4 {[%clk 0:47:32]}
Rc6+ {[%clk 0:20:26]} 58. Kd3 {[%clk 0:46:57]} Rc3+ {[%clk 0:20:48]} 59. Kd2
{[%clk 0:46:49]} Rc4 {[%clk 0:21:03]} 0-1

[Event "50+ World Senior Team Championship"]
[Site "chess24.com"]
[Date "2017.04.30"]
[Round "7"]
[White "Galdunts, Sergey"]
[Black "Viljava, Tapani"]
[Result "1/2-1/2"]
[Board "3"]
[WhiteElo "2430"]
[WhiteTitle "GM"]
[WhiteCountry "ARM"]
[WhiteFideId "13300067"]
[WhiteEloChange "-3"]
[BlackElo "2187"]
[BlackCountry "FIN"]
[BlackFideId "500607"]
[BlackEloChange "6"]

1. e4 {[%clk 1:25:55]} c5 {[%clk 1:30:44]} 2. Nf3 {[%clk 1:26:15]} d6 {[%clk
1:30:35]} 3. d4 {[%clk 1:25:36]} cxd4 {[%clk 1:30:58]} 4. Nxd4 {[%clk 1:26:03]}
Nf6 {[%clk 1:31:18]} 5. Nc3 {[%clk 1:26:19]} e6 {[%clk 1:31:23]} 6. Be2 {[%clk
1:22:18]} Nc6 {[%clk 1:30:48]} 7. O-O {[%clk 1:21:29]} Be7 {[%clk 1:31:11]} 8.
Be3 {[%clk 1:21:54]} Bd7 {[%clk 1:31:06]} 9. Ndb5 {[%clk 1:17:55]} Qb8 {[%clk
1:29:24]} 10. a4 {[%clk 1:15:40]} O-O {[%clk 1:19:01]} 11. f4 {[%clk 1:14:14]}
Rd8 {[%clk 1:07:07]} 12. Bf3 {[%clk 1:09:31]} a6 {[%clk 1:03:35]} 13. Na3 {[%clk
1:06:36]} Be8 {[%clk 1:01:05]} 14. Bb6 {[%clk 1:01:44]} Rc8 {[%clk 0:44:22]} 15.
Qe2 {[%clk 0:55:49]} Nd7 {[%clk 0:35:40]} 16. Be3 {[%clk 0:48:58]} Qc7 {[%clk
0:27:58]} 17. Rad1 {[%clk 0:47:10]} Na5 {[%clk 0:25:31]} 18. Kh1 {[%clk 0:43:46]}
d5 {[%clk 0:22:07]} 19. Nab1 {[%clk 0:35:48]} dxe4 {[%clk 0:21:50]} 20. Bxe4
{[%clk 0:35:07]} Nc4 {[%clk 0:17:50]} 21. Bc1 {[%clk 0:31:49]} Nf6 {[%clk
0:18:05]} 22. Bf3 {[%clk 0:31:04]} Nb6 {[%clk 0:14:11]} 23. b3 {[%clk 0:23:16]}
Bc6 {[%clk 0:13:32]} 24. Bxc6 {[%clk 0:22:31]} Qxc6 {[%clk 0:13:58]} 25. f5
{[%clk 0:21:51]} Bb4 {[%clk 0:12:47]} 26. Na2 {[%clk 0:17:59]} Bf8 {[%clk
0:08:10]} 27. fxe6 {[%clk 0:12:37]} Qxc2 {[%clk 0:06:08]} 28. exf7+ {[%clk
0:12:02]} Kxf7 {[%clk 0:06:32]} 29. Qxc2 {[%clk 0:05:21]} Rxc2 {[%clk 0:07:01]}
30. Nac3 {[%clk 0:05:46]} Kg8 {[%clk 0:03:18]} 31. Be3 {[%clk 0:03:44]} Nbd7
{[%clk 0:03:14]} 32. Rd2 {[%clk 0:03:00]} Rxd2 {[%clk 0:03:39]} 33. Nxd2 {[%clk
0:03:26]} Re8 {[%clk 0:03:39]} 34. Bf2 {[%clk 0:03:26]} 1/2-1/2